Animaux vivant en Europe - Mort Subite - Statistiques

Statistiques générales
  • Ce quiz a été pris 140 fois
    58 depuis la dernière actualisation
  • Le résultat moyen est 14 sur 21
Answers on the Grid
Answers color-coded by a green-red scale on the quiz's grid according to % correct below.
Blaireau
Koala
Cerf Élaphe
Chat
Couleuvre
Yack
Écureuil
Harfang des Neiges
Narval
Gnou
Cobra Royal
Fouine
Dingo
Gavial
Éléphant
Renard Roux
Sanglier
Gecko
Marmotte
Dragon d'eau
Diable Cornu
Bouquetin
Faucon Pèlerin
Hérisson
Phoque Gris
Python Vert
Salamandre
Tapir
Wapiti
Saïga
Capucin
Vautour Fauve
Coyote
Ocelot
Orignal
Orvet Fragile
Sambar
Panda Géant
Pélican
Triton
 
Statistiques - réponses
Réponse % Correct
Blaireau
93%
Chat
93%
Écureuil
93%
Sanglier
91%
Couleuvre
86%
Renard Roux
84%
Bouquetin
81%
Fouine
81%
Marmotte
79%
Hérisson
74%
Faucon Pèlerin
72%
Salamandre
60%
Cerf Élaphe
56%
Phoque Gris
53%
Triton
51%
Pélican
49%
Orvet Fragile
44%
Gecko
40%
Harfang des Neiges
28%
Vautour Fauve
26%
Narval
16%
Aucun quiz correspondant
Distribution des résultats
% des personnes avec chaque résultat
Percentile par nombre de réponses
Votre historique - résultats
Vous n’avez pas pris ce quiz depuis la dernière actualisation